| 000 | 00546nam a2200193Ia 4500 | ||
|---|---|---|---|
| 005 | 20250326140741.0 | ||
| 008 | 250326s9999 xx 000 0 und d | ||
| 037 | _aTextbook | ||
| 040 |
_aFMSL _beng _cFMSL |
||
| 041 |
_aeng _2eng |
||
| 084 |
_aX:51 Q11 _qFMSL |
||
| 100 | _aSingh K P | ||
| 245 | 0 |
_aWhatever the odds: the incredible story behind DLF _cSingh K P; Swamy S |
|
| 260 |
_aNew Delhi _bNew Delhi, HarperCollins _c2011 |
||
| 365 | _b699 | ||
| 650 | _aManagement | ||
| 942 |
_cTB _hX:51 Q11 |
||
| 999 |
_c1287133 _d1287133 |
||